| 000 | 01028cam a22003015a 4500 | ||
|---|---|---|---|
| 001 | 014057777 | ||
| 003 | OSt | ||
| 005 | 20240818093000.0 | ||
| 008 | 070925t2008 gw a frb 001 0 eng d | ||
| 020 | _a9783527314645 (hbk.) | ||
| 020 | _a3527314644 (hbk.) | ||
| 040 |
_aStDuBDS _beng _cStDuBDS _dUk _dEG-ScBUE |
||
| 082 | 0 | 4 |
_a541.345 _bCOL _222 |
| 245 | 0 | 0 |
_aColloids in cosmetics and personal care / _cedited by Tharwat F. Tadros. |
| 260 |
_aWeinheim : _bWiley-VCH Verlag GmbH & Co. KGaA, _cc.2008. |
||
| 300 |
_axvi, 321 p. : _bill. ; _c25 cm. |
||
| 490 | 0 |
_aColloids and interface science series ; _vvol. 4 |
|
| 504 | _aIncludes bibliographical references and indexes. | ||
| 650 | 0 |
_aColloids. _2BUEsh _97422 |
|
| 650 | 0 |
_aCosmetics. _2BUEsh |
|
| 651 | _2BUEsh | ||
| 653 |
_bENGGEN _cJune2015 _cSeptember2015 |
||
| 700 | 1 |
_aTadros, Tharwat F., _d1937- _eeditor. |
|
| 942 |
_2ddc _k541.345 COL _hRDA-MOD |
||
| 999 |
_c20084 _d20056 |
||
| 336 |
_2rdacontent _atext _btxt |
||
| 337 |
_aunmediated _2rdamedia _bn |
||
| 338 |
_avolume _bnc _2rdacarrier |
||